Normal view
MARC view
Entry Topical Term
001 - CONTROL NUMBER
- control field: 28433
003 - CONTROL NUMBER IDENTIFIER
- control field: dpl
005 - DATE AND TIME OF LATEST TRANSACTION
- control field: 20110606104643.0
008 - FIXED-LENGTH DATA ELEMENTS
- fixed length control field: 110606|||a|||||| | ||| d
040 ## - CATALOGING SOURCE
- Original cataloging agency: dpl
- Transcribing agency: dpl
150 ## - HEADING--TOPICAL TERM
- Topical term or geographic name as entry element: Indian constitution
670 ## - SOURCE DATA FOUND
- Source citation: Work cat.: (dpl)40321: Bakshi, P. M 28432, The constitution of India /, 2010
670 ## - SOURCE DATA FOUND
- Source citation: Work cat.: (dpl)40321: Bakshi, P. M 28432, The constitution of India /, 2010
